Yönetimler arası ilişkiler (Record no. 2152)

MARC details
000 -BAŞLIK
Sabit Uzunlukta Kontrol Alanı 00698na a2200253 4500
001 - KONTROL NUMARASI
Denetim Alanı 13720
003 - KONTROL NUMARASI IDENTIFIER
Denetim Alanı MIRAKIL
005 - SON İŞLEM TARİHİ VE ZAMANI
Denetim Alanı 20181213154847.0
008 - SABİT-BOY VERİ ELEMANLARI - GENEL BİLGİLER
Sabit Uzunlukta Kontrol Alanı 161121b tu 000 0
020 ## - ULUSLARARASI STANDART KİTAP NUMARASI
Uluslararası Standart Kitap Numarası 9757741264
035 ## - SİSTEM KONTROL NUMARASI
Sistem Kontrol Numarası 13720
040 ## - KATALOGLAMA KAYNAK
Orijinal Kataloglama Ajansı Milas
Kataloglama Dili tur
Metne Dönüştürmek Ajansı TR-AnCHP
041 ## - DİL KODU
Metin / Ses Parça Veya Ayrı Başlığın Dil Kodu tur
082 ## - DEWEY ONLU SINIFLANDIRMA NUMARASI
Sınıflandırma Numarası 352
Ürün Numarası Y75 1993
090 ## - SINIFLAMA NUMARASI
Sınıflama Numarası 352 Y75 1993
245 ## - BAŞLIK TABLOSU
Başlık Yönetimler arası ilişkiler
Sorumluluk Tablosu, Vb hazırlayan Halil Ünlü
260 ## - YAYIN, DAĞITIM, VB
Yayın, Dağıtım, Vb Yeri İstanbul
Yayıncı, Dağıtıcı, Vs Adı IULA-EMME
Yayın, Dağıtım, Vb Tarihi 1993
300 ## - FİZİKSEL TANIM
Kapsam 110 s.
Boyutlar 21 sm.
490 ## - SERİSİ TABLOSU
Seri Beyanı Yerel yönetimin geliştirilmesi programı el kitapları dizisi
650 ## - KONU KATMA GİRİŞ - TOPİKAL DÖNEM
Topikal Süreli Veya Coğrafi Ad Giriş Elemanı Yerel yönetimler
650 ## - KONU KATMA GİRİŞ - TOPİKAL DÖNEM
Topikal Süreli Veya Coğrafi Ad Giriş Elemanı Belediye yönetimi
Coğrafi Alt Bölümü Türkiye
700 ## - KATMA GİRİŞ - KİŞİSEL İSİM
Kişisel Ad Ünlü, Halil
942 ## - EKLENDİ GİRİŞ ELEMANLARI (KOHA)
Sınıflandırma Veya Raf Düzeni Kaynak Dewey Decimal Classification
Koha Öğesi Türü Books
999 ## - SİSTEM KONTROL NUMARALARI (KOHA)
Koha Biblionumber 2152
Koha Biblioitemnumber 2152
Holdings
Kalıcı Konum Mevcut Konum Edinme Tarihi Edinim Kaynak Toplam Check-Out'Lar Tam Çağrı Numarası Barkod Tarih Son Görülme İtibaren Geçerli Fiyatlar Koha Öğesi Türü Kopya Sayısı
CHP Kütüphanesi CHP Kütüphanesi 08/16/2016 Bağış   352 Y75 1993 001535 08/16/2016 08/16/2016 Books  
CHP Kütüphanesi CHP Kütüphanesi 11/21/2016 Bağış   352 Y75 1993 009572 11/21/2016 11/21/2016 Books k.2